इलेक्ट्रॉनिक मीडिया / (Record no. 113096)
[ view plain ]
| 000 -LEADER | |
|---|---|
| fixed length control field | 01017nam a22002657a 4500 |
| 005 - DATE AND TIME OF LATEST TRANSACTION | |
| control field | 20170124102948.0 |
| 010 ## - LIBRARY OF CONGRESS CONTROL NUMBER | |
| LC control number | B-192838 |
| 020 ## - INTERNATIONAL STANDARD BOOK NUMBER | |
| Terms of availability | 00.00 |
| 035 ## - SYSTEM CONTROL NUMBER | |
| System control number | B-192838 |
| 037 ## - SOURCE OF ACQUISITION | |
| Source of stock number/acquisition | Cen Lib/Ret |
| 040 ## - CATALOGING SOURCE | |
| Original cataloging agency | DPL |
| Language of cataloging | HN |
| 082 ## - DEWEY DECIMAL CLASSIFICATION NUMBER | |
| Classification number | 302.234 |
| Item number | सोनीसु |
| 100 ## - MAIN ENTRY--PERSONAL NAME | |
| Personal name | सोनी, सुधीर |
| 9 (RLIN) | 7558 |
| 245 ## - TITLE STATEMENT | |
| Title | इलेक्ट्रॉनिक मीडिया / |
| Statement of responsibility, etc | सुधीर सोनी |
| 246 ## - VARYING FORM OF TITLE | |
| Title proper/short title | Elactronic media / |
| Remainder of title | by Sudhir Soni |
| 260 ## - PUBLICATION, DISTRIBUTION, ETC. (IMPRINT) | |
| Place of publication, distribution, etc | जयपुर |
| Name of publisher, distributor, etc | यूनिवर्सिटी पब्लिकेशन्स |
| 270 ## - ADDRESS | |
| City | जयपुर |
| 300 ## - PHYSICAL DESCRIPTION | |
| Extent | 97पृ. |
| Dimensions | 21सेमी (सजिल्द) |
| 500 ## - GENERAL NOTE | |
| General note | सन्दर्भ सूची शामिल |
| 650 ## - SUBJECT ADDED ENTRY--TOPICAL TERM | |
| Topical term or geographic name as entry element | संचार मीडिया |
| 9 (RLIN) | 50608 |
| 650 ## - SUBJECT ADDED ENTRY--TOPICAL TERM | |
| Topical term or geographic name as entry element | इलेक्ट्रॉनिक मीडिया |
| 9 (RLIN) | 50609 |
| 650 ## - SUBJECT ADDED ENTRY--TOPICAL TERM | |
| Topical term or geographic name as entry element | Mass media |
| 9 (RLIN) | 50610 |
| 650 ## - SUBJECT ADDED ENTRY--TOPICAL TERM | |
| Topical term or geographic name as entry element | Electronic media |
| 9 (RLIN) | 50611 |
| 942 ## - ADDED ENTRY ELEMENTS (KOHA) | |
| Source of classification or shelving scheme | Dewey Decimal Classification |
| Koha item type | Hindi Books |
| Classification part | 302.234 |
| Call number suffix | सोनीसु |
| Withdrawn status | Lost status | Damaged status | Not for loan | Home library | Current library | Date acquired | Source of acquisition | Cost, normal purchase price | Total Checkouts | Full call number | Barcode | Date last seen | Date checked out | Copy number | Cost, replacement price | Price effective from | Koha item type |
|---|---|---|---|---|---|---|---|---|---|---|---|---|---|---|---|---|---|
| Central Library | Central Library | 11/08/2015 | Cen Lib/Ret | 0.00 | 3 | 302.234 सोनीसु | B-192838 | 01/05/2019 | 10/04/2019 | 1 | 0.00 | 11/08/2015 | Hindi Books |
